| 000 | 00653cab a2200241 4500 | ||
|---|---|---|---|
| 001 | WB3421-16 | ||
| 008 | 090401t1998 xxu||||| |||| 00| 0 eng d | ||
| 035 | _a(Sirsi) u86539 | ||
| 041 | _aeng | ||
| 245 | _aHealthy homes | ||
| 260 | _c1998 | ||
| 350 | _a0 | ||
| 490 |
_aTimes _v`Weekend` 30 May 1998, 10(2) |
||
| 520 | _aLooks at causes of sick building syndrome in houses and how these can be remedied. Lists contacts. | ||
| 650 | _aDESIGN | ||
| 650 | _aHEALTHY HOMES | ||
| 650 | _aPOLLUTION | ||
| 650 | _aRADON | ||
| 650 | _aSICK BUILDING SYNDROME | ||
| 690 | _aENVIRONMENTAL AND LAND CONSULTANCY | ||
| 942 | _n0 | ||
| 948 | _c02/06/1998 | ||
| 999 |
_c54473 _d54473 |
||